00544nam a2200169 4500003001100000005001700011008004100028020001500069040003900084041000800123082001600131100002800147245009900175260004000274300002300314650003700337LK-CoMWRAF20231207124405.0231126b2002 |||||||| |||| 00| 0 eng d a9559151398 aLK-CoMWRAFdLK-CoMWRAFeLK-CoMWRAF aeng a348.04bHUS aHussain, M. S. Mohammed aHussain's complete digest of case law of Sri Lanka : 1820-2000, bVol-19 Res Religiousa to Tea aKandy : bArafa (Pvt.) Ltd., c2002 axx, 736 p. ; 26 cm aLaw reports, digests, -Sri Lanka